| 000 | 00396 a2200169 4500 | ||
|---|---|---|---|
| 001 | 74061 | ||
| 020 | _a851002376-X | ||
| 040 | _cAnchieta - Colégio São Paulo | ||
| 100 | _aMocellin, Renato | ||
| 240 | 1 | 0 |
_aOs guerrilheiros do contestado _lpor |
| 245 | 1 | 0 | _aOs guerrilheiros do contestado |
| 300 | _a58 | ||
| 362 | 0 | _a1989 | |
| 440 | 1 | _aEditora do Brasil | |
| 650 | 4 | _aBrasil | |
| 942 | _cBK | ||
| 999 |
_c74061 _d74061 |
||